Jornadas iberoamericanas sobre gestión del conocimiento al nivel de las organizaciones : (Registro nro. 8074)

Detalles MARC
000 -CABECERA
Campo de control 00618nmm a22001577a 4500
005 - FECHA Y HORA DE LA ULTIMA TRANSACCION
Campo de control 20131217101030.0
008 - ELEMENTOS DE LONGITUD FIJA—INFORMACION GENERAL
Campo de control 131217b2006 gt ||||| |||| 00| 0 spa d
041 ## - IDIOMA
Código de idioma para texto/pista de sonido o título separado Español
044 ## - PAÍS DE PUBLICACIÓN
País de publicación Guatemala
090 ## - CLASIFICACIÓN LOCAL
Colección LB
Consecutivo 05875
110 ## - ASIENTO PRINCIPAL--NOMBRE CORPORATIVO
Nombre corporativo o de jurisdicción como elemento de entrada Ciencia y tecnología para el desarrollo
245 ## - MENCION DE TITULO
Título Jornadas iberoamericanas sobre gestión del conocimiento al nivel de las organizaciones :
Parte restante del título experiencias en Latinoamérica y España
260 ## - PUBLICACION, DISTRIBUCION, ETC. (PIE DE IMPRENTA)
Lugar de publicación, distribución, etc. Guatemala
Nombre del editor, distribuidor, etc. CYTED
-- Ministerio de asuntos exteriores y de cooperación
-- Agencia española de cooperación internacional
Fecha de publicación, distribución, etc. 2006
300 ## - DESCRIPCION FISICA
Extensión 28 diapositivas,
Dimensiones 13 cm
942 ## - ELEMENTOS ADICIONALES (KOHA)
Sistema de clasificación Local
Tipo de ítem CD-ROM
Existencias
Withdrawn status Lost status Sistema de Clasificación Damaged status No para préstamo Colección Ubicación Permanente Ubicación actual Fecha de adquisición Total Checkouts Número topográfico Inventario / Código de Barras Date last seen Ejemplar Price effective from Forma de adquisición Tipo de material
    Local     Audiovisual Bogotá Bogotá 17/12/2013   LB-05875 058934 17/12/2013 Ej. 1 17/12/2013   CD-ROM